| Поле | Название | Значение |
| |
Тип записи |
a |
| |
Библиографический уровень |
m |
| 001 |
Контрольный номер |
78e29017f9af442b838a85f23bf373a2 |
| 005 |
Дата корректировки |
20140526192822.8 |
| 200 |
Заглавие и сведения об ответственности |
__ |
| a |
Заглавие |
Бухгалтерский учет в учреждениях непроизводственной сферы |
| f |
Первые сведения об ответственности |
Белов,Анатолий Николаевич. |
| 210 |
Выходные данные |
__ |
| a |
Место издания |
Москва |
| c |
Издательство |
"Финансы и статистика" |
| d |
Дата издания |
1995 |
| 215 |
Физическое описание |
__ |
| a |
Объем |
240 |
| 610 |
Ключевые слова |
__ |
| a |
Ключевые слова |
Бухгалтерский учет |
| 686 |
Индексы других классификаций |
__ |
| a |
Классификационный индекс |
65.052 |
| 2 |
Код системы |
rubbk |
| 686 |
Индексы других классификаций |
__ |
| a |
Классификационный индекс |
65.052.9(2)247 |
| 2 |
Код системы |
rubbk |
| 700 |
Автор |
__ |
| a |
Фамилия |
Белов,Анатолий Николаевич. |
| 801 |
Источник записи |
_0 |
| a |
Страна |
RU |
| b |
Организация |
РУК |
| c |
Дата составления |
19960605 |
| g |
Правила каталогизации |
PSBO |
| 801 |
Источник записи |
_1 |
| a |
Страна |
RU |
| b |
Организация |
РУК |
| c |
Дата составления |
19960605 |
| g |
Правила каталогизации |
PSBO |
| 852 |
Данные о местонахождении |
__ |
| i |
Авторский знак |
Б43 |
| j |
Шифр хранения |
65.052.9(2)247 |
| 901 |
Тип документа |
__ |
| t |
Тип документа |
m |
| 938 |
Служебная информация |
__ |
| a |
Название организации |
Головной вуз |
| b |
Имя БД |
BOOK |
| c |
Название АИБС |
АИБС ИРБИС |